| 000 | 00728nam a2200253Ia 4500 | ||
|---|---|---|---|
| 003 | OSt | ||
| 005 | 20220924131030.0 | ||
| 006 | a|||||r|||| 00| 0 | ||
| 007 | ta | ||
| 008 | 220923b |||||||| |||| 00| 0 san d | ||
| 020 | _c500 | ||
| 024 | _a242581 | ||
| 037 |
_b425, 16/01/2010, Eastern Book Linkers _cTextual |
||
| 040 |
_aARTS _cARTS _bsan |
||
| 041 |
_2san _asan |
||
| 082 | _aP15,Cx194,1, P9 | ||
| 100 |
_aBhatt Nagesh _9187454 |
||
| 245 | 0 | _aParibhashendushekhar | |
| 260 |
_aVaranasi _bChaukhamba India _c2009 |
||
| 300 |
_a367p. _ccm. |
||
| 650 | _aLINGUISTICS | ||
| 942 |
_hP15,Cx194,1, P9 _cTEXL _2CC |
||
| 999 |
_c426118 _d426118 |
||